01693nab a22002417a 4500003000400000005001700004008004100021040000700062100002700069245012400096260007300220300001300293500003500306505060300341505012600944505008101070650001801151650004001169650003401209650001901243650004001262773014901302OSt20260204113703.0190429b xxu||||| |||| 00| 0 spa d cPJ aSantoianni, Juan Pablo13aEl plazo de prescripción de la acción penal en los delitos reprimidos con penas conjuntas /cJuan Pablo Santoianni. cCiudad Autónoma de Buenos Aires :aThomson Reuters La Ley, b2024. ap. 30-39 aCita Online: AR/DOC/2689/2023. aSumario: I. Introducción.— II. Aspectos centrales del fallo "S., R. A.".— III. Aspectos generales sobre la prescripción de la acción penal en delitos reprimidos con penas conjuntas.— IV. El plazo de prescripción de la acción penal en los delitos reprimidos con pena de prisión e inhabilitación conjunta. Distintas posturas.— V. Consideraciones sobre el plazo de prescripción de la acción penal en los delitos reprimidos con pena de prisión e inhabilitación conjunta.— VI. El plazo de prescripción de la acción penal en el fallo "S., R. A.".— VII. Conclusiones. aFallo comentado: CNCrim. y Correc., sala I ~ 31/08/2023 ~ S., R. A. s/ extinción de la acción penal - prescripción. tSi te interesa el texto completo, solicitalo a koha@justierradelfuego.gov.ar 0aDERECHO PENAL 0aPRESCRIPCIÓN DE LA ACCIÓN PENAL 0aPENA PRIVATIVA DE LA LIBERTAD 0aACCIÓN PENAL 0aPRESCRIPCIÓN DE LA ACCIÓN PENAL0 02658tRevista de derecho penal y criminología. Nº 2 - Marzo 2024dCiudad Autónoma de Buenos Aires : Thomson Reuters La Ley, 2017-x00347914